[Event "Israel liga arzit"]
[Site "Israel"]
[Date "1995.??.??"]
[Round "?"]
[White "Tsesarsky, Ilya"]
[Black "Zoler, Dan"]
[Result "1-0"]
[WhiteElo "2450"]
[BlackElo "2360"]
[Annotator "Tsesarsky,I"]
[PlyCount "113"]
[EventDate "1995.??.??"]
[EventType "game"]
[EventRounds "1"]
[EventCountry "ISR"]
[SourceTitle "CBM 054"]
[Source "ChessBase"]
[SourceDate "1996.10.01"]
[SourceVersion "1"]
[SourceVersionDate "1996.10.01"]
[SourceQuality "1"]

1. Nf3 c5 2. c4 Nf6 3. Nc3 Nc6 4. e3 e5 5. d4 e4 6. Ne5 cxd4 7. exd4 Bb4 8. Be2
Qe7 (8... Qa5 9. Nxc6 dxc6 10. O-O (10. Qb3 O-O 11. Bd2 Re8 12. O-O Bxc3 13.
Qxc3 Qf5 14. Qg3 Be6 15. Rac1 Rad8 16. Be3 $14 {1/2-1/2 Szekely,P-Callergard,R/
Copenhagen op(9) 1988 (29)}) 10... O-O (10... Bxc3 11. bxc3 Qxc3 12. Rb1 O-O
13. Rb3 (13. Bb2 Qa5) 13... Qa5 14. Rg3 Bf5 (14... b6 15. Bg5 Qf5 16. f3 $14)
15. h4 e3 $6 $10 (15... Rfe8 $15) 16. Rxe3 Rfe8 (16... Qxa2 17. Ra3 Qc2 18.
Qxc2 Bxc2 19. Be3 $44) 17. Qb3 $10 {0-1 Bertholee,R-Polgar,J/Amsterdam OHRA II
(3) 1990 (43)}) 11. Bd2 Be6 (11... Re8 12. a3 Bxc3 13. Bxc3 Qg5 14. Qc1 Qh4 15.
Qe3 Bg4 16. Qf4 Qh5 17. Bxg4 Qxg4 18. Qxg4 Nxg4 19. h3 Nh6 20. a4 Rad8 21. Rad1
$14 {1/2-1/2 Hansen,Cu-Cramling,P/Hamburg 1991 (36)}) 12. a3 Bxc3 13. Bxc3 Qg5
14. Qc1 Qg6 15. Qf4 Bh3 16. Qg3 Qxg3 17. hxg3 Be6 18. a4 Rfe8 19. Rfe1 Nd7 20.
a5 f5 21. Red1 a6 22. b4 Bf7 23. Rac1 Red8 24. f3 Nf6 25. Kf2 Rd7 26. Bb2 Re8
27. d5 $1 cxd5 28. c5 d4 29. Rxd4 Rxd4 30. Bxd4 Nd5 31. b5 axb5 32. Bxb5 Ra8
33. c6 bxc6 34. Rxc6 Nb4 (34... h6 35. a6 Be8 36. a7 e3+ 37. Ke2 Kf7 38. Rc5
$18) 35. Rd6 Nd3+ 36. Ke3 Kf8 37. a6 g5 38. f4 g4 39. a7 {1-0 Franco,Z-Polgar,
J/Salamanca(10) 1989}) 9. Bf4 O-O (9... Bd6 10. Nxc6 dxc6 11. Qd2 O-O 12. Bxd6
$6 Qxd6 13. O-O Bg4 14. Rad1 Rad8 15. h3 Bxe2 16. Qxe2 Rfe8 17. d5 a6 18. Qe3
cxd5 19. Nxd5 h6 20. b3 Qe5 21. Nxf6+ Qxf6 $10 {= Epishin,V-Topalov,V/Burgas
61/(41) 1994}) 10. O-O Bd6 11. Nxc6 (11. c5 $5 Bb8 (11... Bxe5 12. dxe5 Nxe5
13. b4 $14 (13. Nd5 Qxc5 $1)) 12. Nxc6 (12. Nb5 $6 Nxe5 13. dxe5 Bxe5 14. Bxe5
Qxe5 15. Qd6 Qxb2 16. Bc4 $15) 12... dxc6 13. Qd2 Bg4 14. Bxb8 Raxb8 15. Rae1
Bxe2 16. Rxe2 Rbd8 17. Rd1 $14) 11... dxc6 12. Qd2 $1 {N} (12. Bxd6 $6 {
Epishin-Topalov}) 12... Bf5 13. Rfd1 Rfe8 14. h3 $1 Rad8 15. Qe3 $14 Bxf4 16.
Qxf4 Bg6 17. Qe3 a6 18. a3 h6 19. b4 Nh5 $5 (19... Bh5 20. Bxh5 Nxh5 21. d5 Nf6
(21... cxd5 22. Nxd5 Qh4 23. g4 Nf6 24. Ne7+ Kh7 (24... Kf8 25. Nf5 Qg5 26.
Qxg5 hxg5 27. Rd6 $14) 25. Nf5 Qg5 26. Qxg5 hxg5 27. Nd6 Re7 28. c5 $14) 22.
dxc6 $16) 20. d5 f5 (20... Nf6) 21. f4 $1 Qh4 22. Bxh5 Bxh5 23. Rd4 Rd6 24. Kh2
cxd5 25. c5 Rdd8 26. Ra2 g5 $6 (26... Qf6) 27. Rf2 g4 28. g3 Qf6 (28... Qxh3+
$4 29. Kg1 $18 {[%csl Rh3][%cal Gf2h2]}) 29. Nxd5 Qf7 30. Rfd2 gxh3 31. Qc3 $16
{[%cal Yd5e3]} Rxd5 $2 (31... Bg4 32. Ne3 Rxd4 33. Qxd4 {[%cal Ya3a4,Yb4b5]}
Qb3 (33... h5 34. a4 Kh7 35. b5 Re6 36. Qd5 (36. Qd8 Re8 37. Rd7 $2 Rxd8 38.
Rxf7+ Kg6 39. Rxb7 Rd2+ $19) (36. Qc4 Qe7 37. c6 axb5 38. axb5 bxc6 39. bxc6
Rd6 40. Rxd6 Qxd6 41. Qf7+ Kh6 (41... Kh8 42. Qe8+ Kg7 43. Qd7+ $18) 42. Nxf5+
Bxf5 43. Qxf5 Qxc6 44. Qg5+ Kh7 45. Qxh5+ Kg8 46. Qg5+ Kh8 47. Qe5+ Kg8 48.
Kxh3 $18) 36... Re7 37. Qd6) (33... Re7) 34. Qd7 (34. a4 h5 (34... Qxa4 35.
Qd5+ Kh8 36. Qf7 (36. Nxf5 $4 Qxb4 37. Qd6 Bxf5 38. Qxh6+ Kg8 39. Qg5+ Kh8 40.
Qf6+ Kg8 41. Rd6 Rf8 42. Qg5+ Kh8 $10) 36... Qb5 37. Nd5 $18) 35. b5 axb5 36.
axb5 Qf7 (36... Qxb5 37. Qd5+ Kf8 38. Nxg4 fxg4 39. Qf5+ Kg8 40. Qxh5 e3 41.
Qxg4+ Kf8 42. Qf5+ (42. Rd7 Qxd7 43. Qxd7 e2 $10) 42... Kg8 43. Rd7 Qb2+ (43...
Qxd7 44. Qxd7 Kf8 45. f5 Re7 (45... e2 46. f6 $18) 46. Qd8+ Kf7 47. Qd5+ Kf6
48. Qd6+ Kf7 49. Qg6+ Kf8 50. f6 $18) 44. Kxh3 Qh8+ 45. Kg4 $18) 37. c6 bxc6
38. bxc6 Rc8 39. Qd8+ (39. Nxg4 hxg4 40. Qd8+ Rxd8 41. Rxd8+ Kg7 42. Rd7 e3 43.
Rxf7+ Kxf7 44. c7 e2 45. c8=Q e1=Q 46. Qxf5+ Ke7 47. Qxg4 Qf1 48. Qxh3 Qe2+ 49.
Qg2 Qh5+ 50. Kg1 Qd1+ 51. Qf1 $18) 39... Rxd8 40. Rxd8+ Kg7 41. Rd7 Be2 42.
Nxf5+ Kf6 43. Rxf7+ Kxf7 44. c7 Ba6 45. Nd6+ Ke7 46. c8=Q Bxc8 47. Nxc8+ Ke6
48. Na7 e3 49. Nb5 Kd5 50. Kxh3 Ke4 51. Kg2 Kd3 52. Nd6 $18) 34... Qe6 35. Qxb7
$16) 32. Rxd5 e3 33. R2d4 Bf3 (33... e2 34. Re5 Rxe5 35. fxe5 $16) 34. Rd7 Qa2+
(34... Re7 35. Rd8+ Kh7 36. Rh8+ Kxh8 37. Rd8+ Kh7 38. Qh8+ Kg6 39. Rg8+ Qg7
40. Rxg7+ Rxg7 41. Qe8+ Kh7 42. Qxe3 Bg4 43. a4 $18) 35. Rd2 $1 $18 Qxd2+ 36.
Rxd2 exd2 37. Qxf3 Rd8 38. Qd1 Kf7 39. Kxh3 (39. a4 $18 {[%cal Rb4b5,Rc5c6]})
39... Rd4 40. Kg2 Ke6 41. Kf2 Kd5 42. Ke3 Re4+ 43. Kd3 Rd4+ 44. Kc3 Rc4+ 45.
Kb3 Rd4 46. Qh1+ Ke6 47. Qxh6+ Kd5 48. Qh1+ Ke6 49. Kc2 d1=Q+ 50. Qxd1 Rxd1 51.
Kxd1 Kd5 52. Ke2 Kc4 53. g4 fxg4 54. Kf2 a5 55. f5 axb4 56. axb4 Kxb4 57. f6
1-0

[Event "Hod Hasharon"]
[Site "Hod Hasharon"]
[Date "1995.??.??"]
[Round "?"]
[White "Tsesarsky, Ilya"]
[Black "Liss, Eran"]
[Result "0-1"]
[WhiteElo "2450"]
[BlackElo "2325"]
[Annotator "Tsesarsky,I"]
[PlyCount "74"]
[EventDate "1995.??.??"]
[EventType "game"]
[EventRounds "1"]
[EventCountry "ISR"]
[SourceTitle "CBM 054"]
[Source "ChessBase"]
[SourceDate "1996.10.01"]
[SourceVersion "1"]
[SourceVersionDate "1996.10.01"]
[SourceQuality "1"]

1. Nf3 Nf6 2. c4 c5 3. Nc3 Nc6 4. e3 e5 5. d4 cxd4 6. exd4 e4 7. Ng5 $6 (7. Ne5
) 7... Bb4 8. d5 Ne5 9. Qd4 Qe7 10. Ngxe4 (10. Bf4 d6 11. O-O-O Nd3+ $1 12.
Bxd3 (12. Rxd3 exd3 (12... Bc5 13. Ngxe4 Bxd4 14. Rxd4 Nh5 15. Bxd6 Qh4 16. Nb5
$18) 13. Qxd3 O-O $15) 12... Bc5 13. Qxc5 dxc5 14. Ncxe4 Nxe4 15. Nxe4 O-O 16.
Bd6 Qh4 17. Bxf8 Kxf8 18. g3 Qh6+ 19. f4 $10) 10... Nxe4 $1 (10... Nxc4 11.
Bxc4 Qxe4+ 12. Be3 $14) 11. Qxe4 f5 12. Qe2 f4 (12... Bxc3+ 13. bxc3 Nd3+ 14.
Kd2 Qxe2+ 15. Kxe2 Nxc1+ 16. Rxc1 $16) 13. Qe4 O-O 14. Bd2 d6 15. O-O-O Bf5 16.
Qxf4 $2 (16. Qe1 $8 Rae8 $15 17. Nb5 $8 (17. a3 f3 $1 {[%csl Rd3]} 18. gxf3 Qf7
19. Be3 (19. axb4 Nxf3 20. Qe3 Rxe3 21. Bxe3 a6 $17) 19... Nxf3 20. Qe2 Bxc3
21. Qxf3 Qf6 $17) 17... Bc5 (17... Bxd2+ 18. Qxd2 f3 19. g3 Rc8 20. b3 Qf6 21.
Qd4 a6 22. Nc3 b5 $40)) 16... Bg4 17. Qg3 Bxd1 18. Kxd1 Rac8 19. b3 Qf6 20. Ne4
Qf5 21. Bd3 (21. Bxb4 Qxe4 22. Bxd6 Qb1+ 23. Kd2 Qxa2+ 24. Ke1 Rce8 25. Bxe5
Qa1+ $19) 21... Nxd3 22. Qxd3 Qg4+ 23. Qe2 $2 $19 (23. f3 Qxg2 24. Qf1 Qxf1+
25. Rxf1 Bxd2 $17) 23... Qxg2 24. Bxb4 Qxh1+ 25. Qe1 Qf3+ 26. Qe2 Qxe2+ 27.
Kxe2 Rce8 28. f3 Rf6 29. Be1 g5 30. Kd2 Rxf3 31. Nxd6 Re7 32. Nc8 Rd7 33. Nxa7
h5 34. Ke2 Rh3 35. Bg3 h4 36. Bb8 Rd8 37. Bc7 Ra8 0-1

[Event "ISR-chT"]
[Site "Israel"]
[Date "2001.02.16"]
[Round "2"]
[White "Tsesarsky, Ilya"]
[Black "Manor, Ilan"]
[Result "0-1"]
[WhiteElo "2450"]
[BlackElo "2496"]
[Annotator "Tsesarsky,I"]
[PlyCount "60"]
[EventDate "2001.02.??"]
[EventType "team"]
[EventRounds "11"]
[EventCountry "ISR"]
[SourceTitle "CBM 081"]
[Source "ChessBase"]
[SourceDate "2001.03.20"]
[SourceVersion "1"]
[SourceVersionDate "2001.03.20"]
[SourceQuality "1"]

1. Nf3 Nf6 2. c4 e6 3. Nc3 c5 4. g3 d5 5. cxd5 Nxd5 6. Bg2 Nc6 7. O-O Be7 8. d4
cxd4 9. Nxd4 O-O 10. Nxd5 exd5 11. Be3 Be6 {Except ofthis move, Black tried
various continuation, but in any case White keeps +/=} (11... Bf6 12. Rc1 Ne7 (
12... Bxd4 13. Bxd4 Bg4 14. Re1 $14 {1/2-1/2 Schmidt,W-Karasev,V/Polanica
Zdroj 1974 (19)}) (12... Be6 13. Nxc6 bxc6 14. Rxc6 Qa5 15. Qb1 $16 {1-0 Cekro,
E-Doeve,M/St Ingbert ,EXT 1990 (40)}) 13. Qd2 Bd7 14. Rfd1 $14 {1-0
Barcza-Stockl/Baden-Vienna 1961(38)}) (11... Ne5 12. Bd2 (12. Qb3 Nc4 13. Bf4
$14 {1-0 Pribyl,J-Cech,P/Prague 1990(40)}) (12. b3 $14 {1-0 Tyni Jukka
Pekka-Kauranen,M/Viikonlopputurnaus Helsinki 1990 (32)}) 12... Be6 13. Rc1 Qb6
14. Bc3 {1-0 Salminsh,G-Stenqvist,N/cr Baltic tt 1986 (43)}) (11... Bg4 12. h3
Be6 13. Rc1 {1-0 Vaulin,A-Barczay,L/Zalaegerszeg ,EXT 1991 (23)} (13. Kh2 Qa5
14. Qb3 Qa6 15. Rfd1 Bf6 16. Qd3 $14 {1-0 Salov,V-Dolmatov,S/URS ch 1987 (29)})
) (11... Nxd4 12. Bxd4 Be6 13. Qb3 b6 14. Rac1 {1/2-1/2 Hertan,C-Abbasi,N/
Greater Boston op 1993 (57)}) (11... Bg5 12. Bxg5 Qxg5 13. Nxc6 bxc6 14. Qc1
Qf6 15. b3 Qd6 16. Rd1 Be6 17. Qc3 Rfe8 18. Rac1 {1/2-1/2 Galianina,J-Izsak,G/
Harkany SZT 1995(33)}) 12. Nxc6 (12. Rc1 Nxd4 13. Bxd4 Qd7 14. Qd2 $14 {
1/2-1/2 O'Kelly,A-Bouwmeester,H/Zevenaar(5) 1961/ (22)}) (12. Qd2 Qd7 13. Rfd1
Ne5 14. b3 $14 {1-0 Najdorf,M-Alvarez,E/ARG-ch Quilmes ,MCL 1980/ (41)}) 12...
bxc6 13. Rc1 Rb8 (13... Qa5 14. Rxc6 Qxa2 15. Bd4 Rac8 16. Rxc8 Rxc8 17. e3 a5
18. Qh5 Qc4 19. Ra1 $14 {1/2-1/2 Smyslov,V-Bisguier,A/Zagreb 1955/ (37)}) 14.
Qd2 Bf6 15. b3 d4 16. Bf4 Rc8 17. Rc5 $1 {Pc6 now is obstructed.} Bd5 {what to
do? Black agrees to play with doubled central dPP.} 18. Bxd5 cxd5 19. Rxc8 ({
Possible also} 19. Rfc1 Rxc5 20. Rxc5 Re8 21. Qd3 $14) 19... Qxc8 20. Rc1 Qe6
21. Rc2 (21. Rc7 a6 22. Qc2 a5 23. Rc6 $14) 21... h5 22. Qd3 h4 23. f3 Re8 $6
$16 ({Right was} 23... hxg3 $1 24. hxg3 Qh3 25. g4 (25. e3 {[%cal Gc2h2]} dxe3
(25... Qh7 26. Qxh7+ Kxh7 27. Kf1 $14) 26. Rh2 e2 27. Rxe2 (27. Rxh3 e1=Q+ 28.
Kg2 g6 29. Rh1 Qe6 $15) 27... Qd7 $11) 25... Re8 $14) 24. g4 h3 25. Qf5 (25. b4
$16) 25... Qa6 (25... Qxf5 26. gxf5 d3 27. exd3 Re1+ 28. Kf2 Bh4+ 29. Bg3 Rh1
30. Rc8+ $18) 26. g5 Bd8 (26... d3 27. Qxd3 Qxd3 28. exd3 Bd4+ 29. Kf1 $16) 27.
Qd7 Rf8 $2 $18 {Both sides were in time pressure.} ({Much better was} 27... Qe6
28. Qxe6 fxe6 29. Be5 (29. Rc8 d3 30. Kf1 e5 31. Bd2 Rf8 $132) 29... Bxg5 30.
Bxd4 $16) 28. Qxd5 d3 $5 {with elegant trap.} (28... Bb6 29. Kf1) 29. Qxd3 $4
$19 {terrible mistake. White failed into the trap directly.} ({After} 29. exd3
$1 $18 {White has 2 P over and winning position.}) 29... Bb6+ 30. Kf1 Rd8 0-1

[Event "Halle DSV International-07"]
[Site "Halle/Saale"]
[Date "1984.06.16"]
[Round "6"]
[White "Uhlmann, Wolfgang"]
[Black "Danailov, Silvio"]
[Result "1-0"]
[WhiteElo "2505"]
[BlackElo "2345"]
[Annotator "Uhlmann,W"]
[PlyCount "83"]
[EventDate "1984.06.09"]
[EventType "tourn"]
[EventRounds "11"]
[EventCountry "DDR"]
[EventCategory "8"]
[SourceTitle "EXT 2009"]
[Source "ChessBase"]
[SourceDate "2008.11.26"]
[SourceVersion "1"]
[SourceVersionDate "2008.11.26"]
[SourceQuality "1"]

{SCHACH 8/1984 und Inf. 38/57} 1. c4 b6 2. Nc3 c5 3. e4 Bb7 4. g3 g6 5. Nge2
Bg7 6. Bg2 Nc6 {Schwarz will den Vorstoß d2-d4 erschweren.} 7. O-O e6 8. d4 $1
{Ein starkes Bauernopfer, welches auf den schwarzfeldrigen Schwächen beruht.}
cxd4 ({Falls} 8... Nxd4 {,so} 9. Nxd4 Bxd4 10. Nb5 Be5 11. Nd6+ Bxd6 12. Qxd6 {
,und die Dame sowie der Läufer c1 dringen entscheidend ein.}) ({Ähnlich läuft
es nach} 8... Bxd4 9. Nb5 Be5 10. Bf4 $1 Bxf4 11. Nxf4 Qb8 12. Nd6+ Ke7 13. e5
$1 {mit starkem Angriff.}) 9. Nb5 d6 ({Die Verteidigung des Bauern mittels} 
9... e5 {ist gefährlich, z.B.} 10. Nd6+ Kf8 11. Nxb7 Qc7 12. f4 $1 Qxb7 {oder}
(12... exf4 13. Bxf4 Qxb7 14. Bd6+ Nge7 15. e5 {mit Gewinnstellung}) 13. fxe5
Bxe5 14. Rb1 {/\ b2-b4/Bb2 und Weiss erhält Vorteil.}) 10. Nexd4 Nxd4 11. Nxd4
Ne7 12. Qa4+ {Eine schwierige Entscheidung! Der Textzug zielt auf ein Endspiel,
in dem der Bauer d6 eine ständige Schwäche darstellt und der schwarze König in
der d-Linie einen schlechten Platz einnimmt.} (12. Bg5 {nebst Qd2 und
Verdopplung in der d-Linie kam auch in Betracht.}) 12... Qd7 ({Nicht} 12... Kf8
{wegen} 13. Rd1 {mit klarem Vorteil.}) 13. Qxd7+ Kxd7 14. Rd1 a6 15. Be3 Rhc8
$2 (15... Rhd8 $142) 16. Rac1 Rab8 17. b4 $1 {Droht sowohl Nb3 als auch
gelegentlich c4-c5} f5 {Die einzige Möglichkeit, etwas Gegenspiel zu erlangen.
Dabei entstehen allerdings Bauernschwächen auf dem Königsflügel.} 18. exf5 gxf5
19. Nf3 $1 Ng6 {Bf4 musste verhindert werden.} 20. Ng5 $1 Bxg2 21. Kxg2 h5 22.
Nf7 $1 Rc6 (22... d5 {verliert wegen} 23. cxd5 exd5 (23... Rxc1 24. dxe6+ Kxe6
25. Ng5+ {/\ Rxc1}) 24. Rxc8 Rxc8 25. Rxd5+ Ke6 26. Rd8 Rxd8 27. Nxd8+ Ke7 28.
Bxb6) 23. a4 $1 Bf8 ({Hoffnungslos ist} 23... b5 24. cxb5 Rxc1 25. Bxc1 {
/\ Nxd6 oder}) (23... Rbc8 24. b5 axb5 25. axb5 Rxc4 26. Rxc4 Rxc4 27. Nxd6)
24. b5 axb5 25. axb5 Rc7 26. Rd3 $1 f4 ({Nun scheitert} 26... d5 {an} 27. cxd5
{Gegen Rcd1 gibt es keine Verteidigung.}) 27. Bxf4 ({Auch} 27. gxf4 Nh4+ 28.
Kh3 Nf5 29. Ne5+ {/\ Nc6 war stark.}) 27... Nxf4+ 28. gxf4 Rc5 ({Falls} 28...
Ke7 {,so} 29. Nxd6 Bh6 $1 30. Re1 Bxf4 31. Nf5+ Kf6 32. Nd4 e5 33. Nc6 Rg8+ 34.
Kh3 Rcg7 35. Nxe5 $3 Rg2 (35... Bxe5 36. Rf3+ Ke6 37. Rfe3 Rg5 38. f4 {mit
Gewinn}) 36. Nd7+ Kf7 37. Rg3 $1) 29. Rcd1 $1 d5 30. Ne5+ $1 Kd6 31. Rh3 Bg7
32. Rxh5 Rf8 33. Kg3 Rg8 34. Rg5 $1 Rcc8 35. cxd5 exd5 36. Nc6 Bf6 37. Rdxd5+
Ke6 38. Nd4+ Kf7 39. Rd7+ Ke8 40. Rxg8+ Kxd7 41. Rxc8 Kxc8 42. Nf5 1-0

[Event "Olympiad-23"]
[Site "Buenos Aires"]
[Date "1978.11.07"]
[Round "12"]
[White "Vaganian, Rafael A"]
[Black "Pytel, Krzysztof"]
[Result "1-0"]
[WhiteElo "2570"]
[BlackElo "2435"]
[Annotator "Vaganian,R"]
[PlyCount "79"]
[EventDate "1978.10.25"]
[EventType "team-swiss"]
[EventRounds "14"]
[EventCountry "ARG"]
[SourceTitle "EXT 2002"]
[Source "ChessBase"]
[SourceDate "2001.11.25"]
[SourceVersion "1"]
[SourceVersionDate "2001.11.25"]
[SourceQuality "1"]
[WhiteTeam "Soviet Union"]
[BlackTeam "Poland"]
[WhiteTeamCountry "URS"]
[BlackTeamCountry "POL"]

{Inf.26/73} 1. Nf3 Nf6 2. c4 c5 3. Nc3 b6 4. e4 Bb7 $2 (4... Nc6) 5. e5 Ng4 (
5... Ne4 $2 6. Ne2 {/\ d3+-}) 6. h3 Nh6 7. d4 cxd4 8. Nxd4 e6 9. Bf4 a6 10. Nf3
f5 $1 11. g3 $1 (11. Bxh6 $6 gxh6 $11) 11... Nf7 12. Bg2 Be7 (12... g5 $2 13.
Bxg5 $1 Nxg5 14. Nxg5 $18) 13. O-O O-O (13... g5 14. Nxg5 $18) 14. Re1 (14. Qe2
$2 g5 $1 15. Nxg5 Nxg5 16. Bxb7 (16. Bxg5 Bxg2 17. Bxe7 Bxf1 $19) 16... Nxh3+
17. Kg2 Nxf4+ 18. gxf4 Ra7 $17) 14... Nc6 15. h4 h6 16. h5 Ng5 17. Nh4 Rf7 18.
Ng6 Bc5 19. Be3 $1 Qc7 20. Bxc5 bxc5 21. f4 $18 Nd4 (21... Nh7 22. Qd6 $1 Qxd6
23. exd6 Nf6 24. Na4) 22. fxg5 Bxg2 23. Kxg2 Qb7+ 24. Kf2 f4 (24... Qxb2+ 25.
Ne2 {/\ Qc1}) 25. gxf4 Raf8 26. Re4 Qxb2+ 27. Ne2 Rb8 28. gxh6 Nc2 29. Rc1 Nb4
30. Rc3 Qxa2 31. hxg7 Kxg7 32. Ree3 Nc6 33. Rb3 Rb4 34. Rg3 Kh6 35. Rxb4 Nxb4
36. Nf8 $1 Rxf4+ 37. Kg1 Rxf8 38. Rg6+ Kxh5 (38... Kh7 39. Qxd7+) 39. Nf4+ Kh4
40. Qh5# 1-0